Interviewing, its principles and methods /

Bibliographic Details
Main Author: Garrett, Annette Marie
Corporate Author: Family Service Association of America
Format: Book
Language:English
Published: New York, N.Y. : Family welfare association of America, [1942]
Subjects:

MARC

Tag First Indicator Second Indicator Subfields
LEADER 00000cam a2200000 4500
001 in00000056303
005 20151008052424.0
008 720314s1942 nyu 00000 eng u
010 |a  42016097  
035 |a (OCoLC)00263157 
035 |9 AAH3259AM 
040 |c WSU  |d TXA  |d UtOrBLW 
049 |a TXAM  |c [122803] 
050 0 |a HV41  |b .G34 
092 |a 361  |b G239i 
100 1 |a Garrett, Annette Marie. 
245 1 0 |a Interviewing, its principles and methods /  |c by Annette Garrett. 
264 1 |a New York, N.Y. :  |b Family welfare association of America,  |c [1942] 
300 |a 123 pages 
336 |a text  |b txt  |2 rdacontent 
337 |a unmediated  |b n  |2 rdamedia 
338 |a volume  |b nc  |2 rdacarrier 
650 0 |a Interviewing. 
710 2 |a Family Service Association of America. 
999 |a MARS 
999 f f |s c831e3db-c8ca-3a4e-a8fa-8b45a57223af  |i f84350a4-b5d4-3060-a002-53e37b150f69  |t 0 
952 f f |p ric  |a Texas A&M University  |b Rellis Campus  |c Joint Library Facility  |d Remote Storage  |t 0  |e HV41 .G34  |h Library of Congress classification  |i unmediated -- volume  |m A14800808536 
998 f f |a HV41 .G34  |t 0  |l Remote Storage